000 01010nam a2200313 a 4500
999 _c200429351
_d47275
003 TR-AnTOB
005 20220113145845.0
007 ta
008 011127s2001 tu a bi l000 0 tur d
020 _a9759768003
040 _aBGZ
_beng
_cTR-AnTOB
_erda
041 0 _atur
049 _aBGZA
050 0 _aDR479.E85
090 0 _aDR479.G7
_bO933 2001
100 1 _aÖzdemir, Hikmet,
_d1951-
_4author
_9105577
245 1 0 _aAtatürk ve İngiltere :
_b''Bir barışmanın diplomatik tarihi'' /
_cHikmet Özdemir.
264 _aİstanbul :
_bThe British Council,
_c2001
300 _a319 p. :
_bill. ;
_c31 cm.
336 _2rdacontent
_atext
337 _2rdamedia
_aunmediated
338 _2rdacarrier
_avolume
504 _aIncludes bibliographical references and index.
600 1 0 _aAtatürk, Mustafa Kemal
_d1881-1938
_920781
651 0 _aTurkey
_xForeign relations
_zGreat Britain
_98132
651 0 _aTürkiye
_xDış ilişkiler
_zBüyük Britanya
_98133
942 _2lcc
_cBK